• 首页
  • 本馆介绍
  • 公告通知
  • 最新文献
  • 馆藏检索
  • 电子资源
  • 读者导购
  • 参考咨询
  • 我的图书馆
  • 登录
  • 详细信息显示
  • 放入我的书架
  • 预约/预借图书
  • 作者相关作品
  • 分类相关作品
  • 丛书相关作品
  • 出版社相关作品

书目信息

  • 表格格式
  • 工作单格式
  • 卡片格式
题名:
审计
    
 
作者: ;杨闻萍 册主编 ;中华会计网校 编
分册:  
出版信息: 北京   中国财政经济出版社  2009.04
页数: 299页
开本: 26cm
丛书名:
单 册:
中图分类: F239 , F239.0-44
科图分类:
主题词: 会计师--考核--自学参考资料 , 审计学--考核--解题 , 会计师 , 审计
电子资源:
ISBN: 978-7-5095-1355-2
000 00814nam0 2200277 450
001 012001172806
005 20101213095031.0
010    @a978-7-5095-1355-2@dCNY40.00
100    @a20100608d2009 em y0chiy0110 ea
101 0  @achi
102    @aCN@b110000
105    @ay q 000yy
200 1  @a审计@e新考生版@f中华会计网校编@g杨闻萍[册]主编
210    @a北京@c中国财政经济出版社@d2009.04
215    @a299页@d26cm
300    @a2009年度注册会计师全国统一考试梦想成真系列辅导书·经典题解
606 0  @a会计师@x考核@j自学参考资料
606 0  @a审计学@x考核@x解题
606 0  @a会计师
606 0  @a审计
690    @aF239@v5
690    @aF239.0-44@v5
702  0 @a杨闻萍@Ayang wen ping@4册主编
711 02 @a中华会计网校@Azhong hua kuai ji wang xiao@4编
905    @aBZT@dF239@e16
906    @dCNY40.00@n0@r1
    
    审计:新考生版/中华会计网校编/杨闻萍[册]主编.-北京:中国财政经济出版社,2009.04
    299页;26cm
    2009年度注册会计师全国统一考试梦想成真系列辅导书·经典题解
    
    ISBN 978-7-5095-1355-2:CNY40.00
    
●
相关链接 在五车中查询图书 在当当中查询图书 在豆瓣中查询图书


正题名:审计     索取号:F239/16         预约/预借

序号 登录号 条形码 馆藏地/架位号 状态 备注
1 771558   2000771558   中心书库北库/ 北库008架B面5列5层33/ [索取号:F239/16] 在馆    
2 771559   2000771559   中心书库北库/ 北库009架A面5列2层40/ [索取号:F239/16] 在馆    
3 771560   2000771560   中心书库北库/ 北库009架A面5列2层37/ [索取号:F239/16] 在馆    
4 771561   2000771561   中心书库北库/ 北库009架A面5列2层36/ [索取号:F239/16] 在馆    
5 771562   2000771562   中心书库北库/ 北库009架A面5列2层38/ [索取号:F239/16] 在馆    
6 771563   2000771563   中心书库北库/ 北库009架A面5列2层39/ [索取号:F239/16] 在馆    
7 771564   2000771564   中心书库北库/ 北库008架B面5列5层32/ [索取号:F239/16] 在馆    
8 771565   2000771565   中心书库北库/ 北库008架B面5列5层31/ [索取号:F239/16] 在馆    
9 771566   2000771566   中心书库北库/ 北库008架B面5列5层34/ [索取号:F239/16] 在馆    
10 771567   2000771567   中心书库北库/ 北库009架A面5列2层41/ [索取号:F239/16] 在馆    
山东省滨州职业学院图书馆 欢迎您!
大连网信软件有限公司© 版权所有